| 000 | 01151nam0a2200313 4500 | ||
|---|---|---|---|
| 001 | RU\NLR\BIBL_A\011857889 | ||
| 005 | 20181115154803.0 | ||
| 010 |
_a978-5-89609-521-7 _9100 |
||
| 021 |
_aRU _bКН-П-18-076970 _9КН-П-18-5563 |
||
| 035 | _a(NLR Aleph) 011857889 | ||
| 035 | _a(RuMoRGB)009773633 | ||
| 090 |
_a12136594 _c12136594 |
||
| 100 | _a20181108d2018 k y0rusy50 ca | ||
| 101 | 0 | _arus | |
| 102 | _aRU | ||
| 105 | _aa zzzz0|||1yy | ||
| 200 | 1 |
_aМедицина здоровья. Основы _fА. Б. Литвинов |
|
| 210 |
_aВоронеж _cКварта _d2018 |
||
| 215 |
_a148 с. _cил. _d21 |
||
| 300 | _aНа 4-й с. обл. авт.: Литвинов А. Б., к. т. н. | ||
| 320 | _aБиблиогр.: с. 148 (21 назв.) | ||
| 606 | 1 |
_aТерапия нетрадиционная _jПопулярные издания _2nlr_sh2 _3RU\NLR\AUTH\66946143 |
|
| 686 | 1 | _aР358.9я9 | |
| 700 | 1 |
_aЛитвинов _bА. Б. _f1949- _gАнатолий Богданович |
|
| 942 | _cBOOK | ||
| 980 | _aNBR | ||
| 980 | _aNB | ||